| 000 | 00802nam a2200157 a 4500 | ||
|---|---|---|---|
| 008 | 120416s1971 ||||||||||||||||| || u | ||
| 050 | _aQE 362.2.R6 Spa | ||
| 100 | _aSparks, B. W | ||
| 245 | 1 | 0 | _aRocks and relief |
| 260 |
_aLondon _bLongman _c1971 |
||
| 300 | _axviii, 404p. : ill | ||
| 350 | _a0.00 | ||
| 995 |
_aANNEX COLLECTION (Main Library) _D0.00 _e713969 _FCBU-MAIN LIBRARY (Kitwe) _H2 _I6.50 _jQE 362.2.R6 Spa _UAVAILABLE _y013097 _ZAnnex Low-Usage Collection |
||
| 995 |
_aTEXTBOOKS (MIN.ENG.) _D0.00 _e03353 _FCBU-SCHOOL TEXTBOOK COLLECTIONS _H1 _I0.00 _jSCHOOL TEXTBOOK _M3 _UAVAILABLE _WJul 15, 2009 _y03353 _ZMain Library Open Access Collection |
||
| 995 |
_aANNEX COLLECTION (Main Library) _D0.00 _e717007 _FCBU-MAIN LIBRARY (Kitwe) _H1 _I6.50 _jQE 362.2.R6 Spa _UAVAILABLE _y013096 _ZAnnex Low-Usage Collection |
||
| 999 |
_c80245 _d80245 |
||